La acción orientadora de las Naciones Unidas en los problemas económicos : (Record no. 57330)

MARC details
000 -LEADER
campo de control de longitud fija 00867nam a2200193 i 4500
001 - NÚMERO DE CONTROL
campo de control 57330
003 - IDENTIFICADOR DE NÚMERO DE CONTROL
campo de control ES-MaACL
005 - FECHA Y HORA DE LA ÚLTIMA TRANSACCIÓN
campo de control 20230906163545.0
007 - CAMPO FIJO DE DESCRIPCIÓN FÍSICA--INFORMACIÓN GENERAL
campo de control de longitud fija t|
008 - DATOS DE LONGITUD FIJA--INFORMACIÓN GENERAL
campo de control de longitud fija 031015s1948 sp ||||1| spa d
100 1# - ENTRADA PRINCIPAL--NOMBRE DE PERSONA
Nombre de persona Lavín, José Domingo.
9 (RLIN) 172086
245 13 - MENCIÓN DEL TÍTULO
Título La acción orientadora de las Naciones Unidas en los problemas económicos :
Resto del título conferencia pronunciada en el ciclo organizado por el Ateneo Nacional de Ciencias y Artes de México en cooperación con la Asociación Mexicana Pro-ONU y con el Centro de Información de las Naciones Unidas /
Mención de responsabilidad, etc. José Domingo Lavín.
260 ## - PUBLICACIÓN, DISTRIBUCIÓN, ETC.
Lugar de publicación, distribución, etc. México :
Nombre del editor, distribuidor, etc. [s.n.,
Fecha de publicación, distribución, etc. 1948] (
Fabricante Imp. Monterrubio)
300 ## - DESCRIPCIÓN FÍSICA
Extensión 28 p. ;
Dimensiones 20 cm.
651 #4 - PUNTO DE ACCESO ADICIONAL DE MATERIA--NOMBRE GEOGRÁFICO
Nombre geográfico México-
Subdivisión general Situación económica.
9 (RLIN) 150095
710 2# - ENTRADA AGREGADA--NOMBRE DE ENTIDAD CORPORATIVA
Nombre de entidad corporativa o nombre de jurisdicción como elemento de entrada Naciones Unidas.
9 (RLIN) 5955
710 2# - ENTRADA AGREGADA--NOMBRE DE ENTIDAD CORPORATIVA
Nombre de entidad corporativa o nombre de jurisdicción como elemento de entrada Ateneo Nacional de Ciencias y Artes de México.
9 (RLIN) 172091
852 ## - LOCALIZACIÓN
Ubicación ES-MaACL
Número de control de estantería 1952-F-6
Holdings
Estatus retirado Estado de pérdida Estado de daño No para préstamo Colección Biblioteca de origen Biblioteca actual Ubicación en estantería Fecha de adquisición Fuente de adquisición Total de préstamos Signatura topográfica completa Código de barras Visto por última vez Precio de reemplazo Tipo de ítem Koha
        Colección de folletos Biblioteca del Ateneo de Madrid Biblioteca del Ateneo de Madrid Depósito folletos 17/01/2008     1952-F-6 1060192 23/02/2023 23/02/2023 Folleto